000 00764nam a2200253 i 4500
001 bg
100 1 _aKRZYŻKIEWICZ, Zbigniew
245 1 0 _aMiędzynarodowe rozliczenia bankowe /
_cZbigniew Krzyżkiewicz.
250 _aWyd. 3 rozsz. i zaktual.
260 _aWarszawa :
_b"Poltext",
_c1996.
300 _a151 s. ;
_c21 cm.
490 1 _aStudia Finansowo-Bankowe / Szkoła Główna Handlowa
650 9 _aBanki
650 9 _aRozliczenia międzynarodowe
655 _aPodręczniki akademickie
830 0 _aStudia Finansowo-Bankowe (Szkoła Główna Handlowa)
020 _a8385366113
040 _cBPK
041 0 _apl
080 _a339.72/.73:336.71](075.8)
920 _a83-85366-11-3
942 _cKS
008 s pl f |000 0 pol
999 _c25310
_d25310
856 _uhttp://koha.tu.koszalin.pl/cgi-bin/koha/opac-detail.pl?biblionumber=25310
_yKatalog online BPK